Backward caste mobilisation and the caste census in Bihar: Some reflections (Record no. 532113)

000 -LEADER
fixed length control field 00879nam a22001337a 4500
008 - FIXED-LENGTH DATA ELEMENTS--GENERAL INFORMATION
fixed length control field 251222b ||||| |||| 00| 0 eng d
100 ## - MAIN ENTRY--PERSONAL NAME
Personal name Kumar, Niraj
245 ## - TITLE STATEMENT
Title Backward caste mobilisation and the caste census in Bihar: Some reflections
260 ## - PUBLICATION, DISTRIBUTION, ETC. (IMPRINT)
Place of publication, distribution, etc Social Scientist
300 ## - PHYSICAL DESCRIPTION
Extent 53(7-8), Jul-Aug, 2025: p.59-76
520 ## - SUMMARY, ETC.
Summary, etc There has been a growing demand since the late twentieth century to enumerate caste, especially the backward castes, in the census conducted by the union government every ten years a practice commonly referred to as a caste census. Emendation of a all casts in a census has never been carried out in post Independence India, the exception being the scheduled castes (SCs) and the scheduled tribes (STs), although he Kallekar commission had recommend it for the 1964 census. – Reproduced
773 ## - HOST ITEM ENTRY
Main entry heading Social Scientist
942 ## - ADDED ENTRY ELEMENTS (KOHA)
Item type Articles
Holdings
Withdrawn status Lost status Source of classification or shelving scheme Damaged status Not for loan Permanent location Current location Date acquired Serial Enumeration / chronology Barcode Date last seen Koha item type
          Indian Institute of Public Administration Indian Institute of Public Administration 2025-12-22 53(7-8), Jul-Aug, 2025: p.59-7 AR137754 2025-12-22 Articles

Powered by Koha